000 00306nam a22001337a 4500
008 181019b xxu||||| |||| 00| 0 eng d
020 _a0306432714
041 _aeng
080 _a159.9
100 _a48
101 _aPSI
245 _aAdvances in Clinical Child Psychology
_cLahey,B.B
942 _2udc
_cBK
999 _c50187
_d50187